000
00302nam a22001217a 4500
040
_c
Nust
082
_a
297
_b
ALI
100
_a
Ali Hussain Shah
_9
124849
245
_a
اسماۓ محمد
260
_a
Lahore:
_b
Haidery Publications,
_c
2001.
650
_a
اسماۓ محمد
_9
121343
942
_2
ddc
_c
BK
999
_c
610634
_d
610634